ბათუმის შოთა რუსთაველის სახელმწიფო უნივერსიტეტის ბიბლიოთეკა

ალბათობის თეორია და მათემატიკური სტატისტიკის ამოცანათა კრებული : დამხ.სახელმძღ. / (ბიბ.ჩანაწერი № 37711)

000 -ლიდერი
ფიქსირებული სიგრძის საკონტროლო ველი 01098nam a2200229Ia 4500
001 - საკონტროლო ნომერი
საკონტროლო ველი 3686
003 - საკონტროლო ნომრის იდენტიფიკატორი
საკონტროლო ველი GE_BSU
005 - ბოლო ოპერაციის თარიღი და დრო
საკონტროლო ველი 20190524181758.0
008 - ფიქსირებული სიგრძის მონაცემთა ელემენტები - ზოგადი ინფორმაცია
ფიქსირებული სიგრძის საკონტროლო ველი 181216s1983||||ge |||||||||||||| ||geo||
040 ## - კატალოგიზაციის წყარო
Transcribing agency GE_BSU
041 ## - ენის კოდი
Language code of text/sound track or separate title geo
080 ## - უნივერსალური ათობითი კლასიფიკაციის ინდექსი
Universal Decimal Classification number 519.21(072) ა-45
245 ## - ცნობა სათაურის შესახებ
Title ალბათობის თეორია და მათემატიკური სტატისტიკის ამოცანათა კრებული : დამხ.სახელმძღ. /
Statement of responsibility, etc ა.ცივაძე ; თ.ყიფიანი ; გ.მირზაშვილი და სხვ.
264 ## - წარმოების, გამოცემის, დისტრიბუციის და სხვა ცნობები
გამოცემის, წარმოების, დისტრიბუციის... ადგილი თბილისი :
გამოცემის, წარმოების, დისტრიბუციის... სახელწოდება სპი,
გამოცემის, წარმოების, დისტრიბუციის... თარიღი 1983.
300 ## - ფიზიკური აღწერა
Extent 86 გვ .:
Dimensions 20 სმ.
653 ## - INDEX TERM--UNCONTROLLED
Uncontrolled term ალბათობის თეორია და მათემატიკური სტატისტიკა
653 ## - INDEX TERM--UNCONTROLLED
Uncontrolled term მათემატიკური სტატისტიკა
700 ## - ADDED ENTRY--PERSONAL NAME
Personal name ცივაძე, ა
9 (RLIN) 1604
700 ## - ADDED ENTRY--PERSONAL NAME
Personal name ყიფიანი, თ
9 (RLIN) 1605
700 ## - ADDED ENTRY--PERSONAL NAME
Personal name მირზაშვილი, გ
9 (RLIN) 1606
942 ## - ADDED ENTRY ELEMENTS (KOHA)
Koha item type წიგნი
Source of classification or shelving scheme
ეგზემპლარები
ჩამოწერის სტატუსი დაკარგული ეგზემპლარის სტატუსი კლასიფიკაციის წყარო ან თაროზე გაწყობის სქემა დაზიანების სტატუსი არ გაიცემა მუდმივი მდებარეობა (დაცვის ადგილი) ამჟამინდელი ადგილსამყოფელი თაროზე განთავსების ადგილი შეძენის თარიღი ღირებულება, შესყიდვის ნორმალური ფასი სრული შენახვის შიფრი შტრიხკოდი ბოლო ოპერაციის თარიღი ეგზემპლარის მიმდევრობითი ნომერი (კეტერი?) ფასის ძალაში შესვლის თარიღი ეგზემპლარის სახეობა საჯარო შენიშვნა
          ტექნოლოგიური ფაკულტეტის ბიბლიოთეკა ტექნოლოგიური ფაკულტეტის ბიბლიოთეკა წიგნსაცავი 2018-12-17 0.24 519.21(072) ა-45 9053 2018-12-17 9053 2018-12-17 წიგნი 0.24 თ.
          ტექნოლოგიური ფაკულტეტის ბიბლიოთეკა ტექნოლოგიური ფაკულტეტის ბიბლიოთეკა წიგნსაცავი 2018-12-17 0.24 519.21(072) ა-45 9054 2018-12-17 9054 2018-12-17 წიგნი 0.24 თ.
          ტექნოლოგიური ფაკულტეტის ბიბლიოთეკა ტექნოლოგიური ფაკულტეტის ბიბლიოთეკა წიგნსაცავი 2018-12-17 0.24 519.21(072) ა-45 9055 2018-12-17 9055 2018-12-17 წიგნი 0.24 თ.